[Event "NZL-ch 117th"]
[Site "Auckland"]
[Date "2010.01.04"]
[Round "3"]
[White "Steffenello, Leonardo"]
[Black "Garbett, Paul Anthony"]
[Result "0-1"]
[WhiteElo "2184"]
[BlackElo "2302"]
[PlyCount "120"]
[EventDate "2010.01.02"]
[EventType "swiss"]
[EventRounds "11"]
[EventCountry "NZL"]
[SourceTitle "CBM 134 Extra"]
[Source "ChessBase"]
[SourceDate "2010.03.03"]
[SourceVersion "1"]
[SourceVersionDate "2010.03.03"]
[SourceQuality "1"]

1. d4 Nf6 2. c4 c5 3. d5 e5 4. Nc3 d6 5. e4 Nbd7 6. Bd3 Be7 7. Nge2 h5 8. Bc2 h4 9. h3 Nh5 10. Ba4 a6 11. 0-0 Bg5 12. f4 exf4 13. Nxf4 Nxf4 14. Bxf4 Bxf4 15. Bxd7+ Bxd7 16. Rxf4 Qg5 17. Qf3 f6 18. Rf1 Qe5 19. Qf2 Ke7 20. Rxh4 g5 21. Rxh8 Rxh8 22. Qf3 Rh4 23. a4 b6 24. Qe3 Rh7 25. Nd1 Rh4 26. Nf2 Qxb2 27. a5 b5 28. cxb5 Bxb5 29. Re1 Rh7 30. e5 dxe5 31. Qxc5+ Kf7 32. d6 Kg6 33. Qe3 Rd7 34. Qe4+ Kg7 35. Rb1 Qd4 36. Rd1 Qc5 37. Qd5 Qxd5 38. Rxd5 Bc6 39. Rd2 f5 40. Nd1 Kf6 41. Nf2 e4 42. Nd1 f4 43. Nb2 e3 44. Rd4 Ke5 45. Rb4 Bb5 46. Nc4+ Bxc4 47. Rxc4 Rxd6 48. Kf1 Rd5 49. Ra4 Rd4 50. Ra2 Ke4 51. Ke2 Rb4 52. Kf1 f3 53. gxf3+ Kxf3 54. Ra1 Rb2 55. Kg1 Rg2+ 56. Kh1 e2 57. Ra3+ Kf2 58. Ra2 Rg3 59. Kh2 Rd3 60. h4 Kf1 0-1

[Event "Gibraltar Masters 7th"]
[Site "Gibraltar"]
[Date "2009.01.27"]
[Round "1"]
[White "Brown, Thomas"]
[Black "Steffenello, Leonardo"]
[Result "1-0"]
[WhiteElo "2027"]
[BlackElo "2164"]
[PlyCount "45"]
[EventDate "2009.01.27"]
[EventType "swiss"]
[EventRounds "10"]
[EventCountry "ENG"]
[SourceTitle "CBM 128 Extra"]
[Source "ChessBase"]
[SourceDate "2009.03.05"]
[SourceVersion "2"]
[SourceVersionDate "2009.03.25"]
[SourceQuality "1"]

1. d4 Nf6 2. c4 e6 3. Nc3 Bb4 4. e3 b6 5. Nge2 Ba6 6. Ng3 Nc6 7. Qa4 Bb7 8. Bd3 h5 9. Bd2 h4 10. Nge4 Nxe4 11. Bxe4 Qe7 12. a3 Nd8 13. d5 exd5 14. cxd5 Bxc3 15. Bxc3 h3 16. g3 f6 17. Bf3 Nf7 18. 0-0 Ng5 19. Bh1 0-0-0 20. Qxa7 Ne4 21. Bd4 Nc5 22. b4 Nd3 23. d6 1-0

[Event "Le Touquet op-A"]
[Site "Le Touquet"]
[Date "2008.11.01"]
[Round "9"]
[White "Steffenello, Leonardo"]
[Black "Gervasio, Ricardo"]
[Result "1-0"]
[WhiteElo "2162"]
[BlackElo "2297"]
[PlyCount "69"]
[EventDate "2008.10.25"]
[EventType "swiss"]
[EventRounds "9"]
[EventCountry "FRA"]
[SourceTitle "EXT 2009"]
[Source "ChessBase"]
[SourceDate "2008.11.26"]
[SourceVersion "1"]
[SourceVersionDate "2008.11.26"]
[SourceQuality "1"]

1. d4 Nf6 2. c4 e6 3. g3 d5 4. Bg2 dxc4 5. Nf3 Be7 6. 0-0 0-0 7. Ne5 c5 8. dxc5 Qc7 9. Nxc4 Bxc5 10. Be3 Bxe3 11. Nxe3 Bd7 12. Nd2 Bc6 13. Rc1 Qe7 14. Nf3 Na6 15. Qd4 Rfd8 16. Qh4 Nc7 17. Rfd1 Rac8 18. Ng4 Nce8 19. Nge5 Bb5 20. e3 Qc5 21. h3 Qxc1 22. Rxc1 Rxc1+ 23. Kh2 Nd6 24. Ng4 Nxg4+ 25. hxg4 Rcc8 26. g5 Rc4 27. Qh3 Ne4 28. Ne5 Nxf2 29. Qh5 Rc7 30. Nxf7 Rxf7 31. g6 hxg6 32. Qxb5 Ng4+ 33. Kh3 Nxe3 34. Qg5 Rd3 35. Be4 1-0

[Event "Bergamo op 7th"]
[Site "Bergamo"]
[Date "2008.09.14"]
[Round "5"]
[White "Steffenello, Leonardo"]
[Black "Pucovski, Miroslav"]
[Result "1/2-1/2"]
[WhiteElo "2118"]
[BlackElo "2346"]
[PlyCount "72"]
[EventDate "2008.09.12"]
[EventType "swiss"]
[EventRounds "6"]
[EventCountry "ITA"]
[SourceTitle "CBM 126 Extra"]
[Source "ChessBase"]
[SourceDate "2008.11.05"]
[SourceVersion "1"]
[SourceVersionDate "2008.11.05"]
[SourceQuality "1"]

1. d4 d5 2. c4 e6 3. Nf3 c6 4. g3 dxc4 5. Bg2 b5 6. a4 Bb7 7. 0-0 Nf6 8. b3 cxb3 9. Qxb3 b4 10. Rd1 a5 11. Ne5 Nfd7 12. Na3 Be7 13. Nac4 0-0 14. Be3 Qc7 15. Nxd7 Nxd7 16. Bf4 Qc8 17. Rac1 Re8 18. e4 Qd8 19. Nd6 Bxd6 20. Bxd6 Rc8 21. e5 Nb6 22. Rc5 Nd5 23. Bxd5 cxd5 24. Rdc1 Rxc5 25. Rxc5 Ba6 26. Bc7 Qg5 27. Qb2 Qg4 28. Qd2 Qf3 29. Bxa5 Bd3 30. Bxb4 Be4 31. Kf1 Bd3+ 32. Kg1 Be4 33. Kf1 Qg2+ 34. Ke2 Qf3+ 35. Kf1 Qg2+ 36. Ke2 Qf3+ 1/2-1/2

[Event "Bergamo op 7th"]
[Site "Bergamo"]
[Date "2008.09.12"]
[Round "2"]
[White "Panjkovic, Aleksandar"]
[Black "Steffenello, Leonardo"]
[Result "1/2-1/2"]
[WhiteElo "2148"]
[BlackElo "2118"]
[PlyCount "28"]
[EventDate "2008.09.12"]
[EventType "swiss"]
[EventRounds "6"]
[EventCountry "ITA"]
[SourceTitle "CBM 126 Extra"]
[Source "ChessBase"]
[SourceDate "2008.11.05"]
[SourceVersion "1"]
[SourceVersionDate "2008.11.05"]
[SourceQuality "1"]

1. Nf3 Nf6 2. g3 d5 3. Bg2 e6 4. d3 Bd6 5. 0-0 Nbd7 6. Nbd2 0-0 7. e4 c6 8. Qe2 e5 9. Nh4 Nc5 10. Nb3 dxe4 11. dxe4 Bg4 12. Qc4 Be6 13. Qe2 Bg4 14. Qc4 Be6 1/2-1/2

[Event "Paris Apsap op 102nd"]
[Site "Paris"]
[Date "2008.07.30"]
[Round "5"]
[White "Borzakian, Manouk"]
[Black "Steffenello, Leonardo"]
[Result "1-0"]
[WhiteElo "2199"]
[BlackElo "2118"]
[PlyCount "79"]
[EventDate "2008.07.26"]
[EventType "swiss"]
[EventRounds "9"]
[EventCountry "FRA"]
[SourceTitle "EXT 2010"]
[Source "ChessBase"]
[SourceDate "2010.11.25"]
[SourceVersion "1"]
[SourceVersionDate "2010.11.25"]
[SourceQuality "1"]

1. e4 c6 2. d4 d5 3. e5 Bf5 4. Nf3 e6 5. Be2 c5 6. Be3 Nc6 7. 0-0 Nge7 8. Nbd2 c4 9. Nh4 Bg6 10. Nxg6 hxg6 11. b3 Nf5 12. c3 Nxe5 13. dxe5 Nxe3 14. fxe3 Qg5 15. Nf3 Qxe3+ 16. Kh1 Bc5 17. bxc4 0-0-0 18. Qd2 Qe4 19. Bd3 Qg4 20. Qe2 dxc4 21. Qe4 Qg3 22. Rab1 Bb6 23. Rxb6 axb6 24. Qxc4+ Kb8 25. Kg1 Rxh2 26. Nxh2 Rxd3 27. Qf4 Qxf4 28. Rxf4 Rxc3 29. Rxf7 Re3 30. Nf3 Re2 31. Re7 Rxa2 32. Rxe6 Kc7 33. Nd4 Ra5 34. Kf2 b5 35. Rxg6 b4 36. Rxg7+ Kc8 37. Nf5 Rxe5 38. Nd6+ Kb8 39. Rxb7+ Ka8 40. Rxb4 1-0

[Event "Syre Memorial op 31st"]
[Site "Issy les Moulineaux"]
[Date "2008.05.02"]
[Round "2"]
[White "Massimi, Pierre"]
[Black "Steffenello, Leonardo"]
[Result "0-1"]
[WhiteElo "1918"]
[BlackElo "2112"]
[PlyCount "53"]
[EventDate "2008.05.01"]
[EventType "swiss"]
[EventRounds "6"]
[EventCountry "FRA"]
[SourceTitle "EXT 2010"]
[Source "ChessBase"]
[SourceDate "2010.11.25"]
[SourceVersion "1"]
[SourceVersionDate "2010.11.25"]
[SourceQuality "1"]

1. e4 c6 2. d4 d5 3. Nc3 dxe4 4. Nxe4 Bf5 5. Ng3 Bg6 6. Nf3 Nd7 7. h4 h6 8. h5 Bh7 9. Bd3 Bxd3 10. Qxd3 e6 11. Bd2 Ngf6 12. Qe2 Be7 13. 0-0-0 0-0 14. Kb1 Qb6 15. c4 Rfd8 16. Bf4 Qa5 17. Nd2 b5 18. Nf5 exf5 19. Qxe7 Re8 20. Qd6 Re6 21. Qc7 Qxc7 22. Bxc7 bxc4 23. Nxc4 Nd5 24. Ba5 Re2 25. Rd2 Rae8 26. Rhd1 Rxd2 27. Rxd2 0-1

[Event "Tatry op"]
[Site "Tatranske Zruby"]
[Date "2007.09.29"]
[Round "9"]
[White "Klemanic, Emil"]
[Black "Steffenello, Leonardo"]
[Result "1-0"]
[WhiteElo "2285"]
[BlackElo "2108"]
[PlyCount "75"]
[EventDate "2007.09.22"]
[EventType "swiss"]
[EventRounds "9"]
[EventCountry "SVK"]
[SourceTitle "CBM 120 Extra"]
[Source "ChessBase"]
[SourceDate "2007.11.01"]
[SourceVersion "1"]
[SourceVersionDate "2007.11.01"]
[SourceQuality "1"]

1. e4 c6 2. d4 d5 3. f3 e5 4. dxe5 Bc5 5. exd5 Qb6 6. Nh3 Bxh3 7. gxh3 Bf2+ 8. Ke2 Bh4 9. Be3 Qxb2 10. Bd4 Qb5+ 11. Qd3 Qxd3+ 12. cxd3 cxd5 13. Rg1 Nc6 14. Bb2 g6 15. f4 Nge7 16. Nd2 Nf5 17. Nf3 Be7 18. Bg2 0-0 19. Rac1 a5 20. h4 h5 21. Bh3 Nxh4 22. f5 Nxf3 23. Kxf3 Kh7 24. f6 Bb4 25. a3 Bd2 26. Rc2 Bh6 27. Bd7 Ra6 28. Rc5 Rb6 29. Ba1 Rb3 30. Rxd5 Rxa3 31. Bxc6 bxc6 32. Rd7 g5 33. e6 Rb3 34. e7 g4+ 35. Ke4 Rg8 36. Rd8 Rb8 37. Rxb8 Rxb8 38. Be5 1-0

[Event "Kesarovski Georgiev Memorial 6th"]
[Site "Sunny Beach"]
[Date "2007.09.18"]
[Round "9"]
[White "Steffenello, Leonardo"]
[Black "Vodicka, Pavel"]
[Result "1/2-1/2"]
[WhiteElo "2108"]
[BlackElo "1970"]
[PlyCount "28"]
[EventDate "2007.09.10"]
[EventType "swiss"]
[EventRounds "9"]
[EventCountry "BUL"]
[SourceTitle "CBM 120 Extra"]
[Source "ChessBase"]
[SourceDate "2007.11.01"]
[SourceVersion "1"]
[SourceVersionDate "2007.11.01"]
[SourceQuality "1"]

1. d4 Nf6 2. c4 e6 3. g3 d5 4. Bg2 c6 5. Nf3 Be7 6. 0-0 0-0 7. Qc2 Nbd7 8. Nbd2 Qc7 9. e4 dxe4 10. Nxe4 Nxe4 11. Qxe4 Nf6 12. Qc2 h6 13. Bf4 Qa5 14. c5 b6 1/2-1/2

[Event "Kesarovski Georgiev Memorial 6th"]
[Site "Sunny Beach"]
[Date "2007.09.15"]
[Round "6"]
[White "Steffenello, Leonardo"]
[Black "Milosevic, Aleksandar"]
[Result "0-1"]
[WhiteElo "2108"]
[BlackElo "2287"]
[PlyCount "80"]
[EventDate "2007.09.10"]
[EventType "swiss"]
[EventRounds "9"]
[EventCountry "BUL"]
[SourceTitle "CBM 120 Extra"]
[Source "ChessBase"]
[SourceDate "2007.11.01"]
[SourceVersion "1"]
[SourceVersionDate "2007.11.01"]
[SourceQuality "1"]

1. d4 Nf6 2. c4 e5 3. dxe5 Ng4 4. Nf3 Bc5 5. e3 Nc6 6. Be2 Ngxe5 7. Nc3 a5 8. b3 0-0 9. Bb2 Re8 10. 0-0 Nxf3+ 11. Bxf3 Ne5 12. Be2 Ra6 13. Ne4 Bf8 14. Ng3 Rae6 15. Qc2 b6 16. Qc3 Rh6 17. Nf5 Rf6 18. e4 Bb7 19. f4 Nc6 20. Bf3 Qa8 21. a3 Ne7 22. Nxe7+ Rxe7 23. Qd2 Rd6 24. Qc3 Bxe4 25. Bxe4 Rxe4 26. Qf3 Re8 27. Qxa8 Rxa8 28. Be5 Rc6 29. Rfd1 f6 30. Bb2 Rd6 31. f5 Re8 32. Kf2 Re4 33. Kf3 Rh4 34. h3 a4 35. Kg3 Rh5 36. c5 bxc5 37. bxa4 Rxf5 38. a5 Ra6 39. Rxd7 Rxa5 40. Re1 Bd6+ 0-1

[Event "BRA-ch Seletivo"]
[Site "Sao Paulo"]
[Date "2003.??.??"]
[Round "4"]
[White "Pimentel, William Barreto"]
[Black "Steffenello, Leonardo"]
[Result "1-0"]
[WhiteElo "2198"]
[BlackElo "2013"]
[PlyCount "51"]
[EventDate "2003.01.02"]
[EventType "swiss"]
[EventRounds "5"]
[EventCountry "BRA"]
[SourceTitle "CBM 092 Extra"]
[Source "ChessBase"]
[SourceDate "2003.03.07"]
[SourceVersion "1"]
[SourceVersionDate "2003.03.07"]
[SourceQuality "1"]

1. Nf3 Nf6 2. d4 g6 3. Nc3 d5 4. Bg5 Bg7 5. Qd2 c6 6. Bh6 0-0 7. h4 Bg4 8. Ne5 Nbd7 9. f3 Be6 10. Nxd7 Bxd7 11. h5 Bxh6 12. Qxh6 Qc7 13. 0-0-0 Nxh5 14. Kb1 f5 15. e3 Rf7 16. Bd3 Nf6 17. g4 e6 18. Rdg1 Rg7 19. gxf5 exf5 20. e4 dxe4 21. Bc4+ Kf8 22. Rxg6 hxg6 23. Qh8+ Ng8 24. Bxg8 Rxg8 25. Qf6+ Ke8 26. Rh7 1-0

[Event "BRA-ch U18"]
[Site "Volta Redonda"]
[Date "2001.05.06"]
[Round "5.1"]
[White "Moraes, Nelson da Silva"]
[Black "Steffenello, Leonardo"]
[Result "1-0"]
[WhiteElo "2013"]
[BlackElo "1916"]
[PlyCount "66"]
[EventDate "2001.05.??"]
[EventType "swiss"]
[EventRounds "6"]
[EventCountry "BRA"]
[SourceTitle "EXT 2003"]
[Source "ChessBase"]
[SourceDate "2002.11.25"]
[SourceVersion "1"]
[SourceVersionDate "2002.11.25"]
[SourceQuality "1"]

1. e4 c6 2. d4 d5 3. exd5 cxd5 4. c4 Nf6 5. Nc3 Nc6 6. cxd5 Nxd5 7. Nf3 e6 8. a3 Be7 9. Bd3 0-0 10. 0-0 b6 11. Qc2 Nf6 12. Be3 Bb7 13. Rac1 Rc8 14. Rfd1 h6 15. h3 Nd5 16. Nxd5 exd5 17. Qb1 Bd6 18. b4 Qf6 19. Qb3 Ne7 20. Qa4 Bb8 21. b5 Ng6 22. Qb3 Nf4 23. Bxf4 Qxf4 24. Rxc8 Rxc8 25. Re1 Rc1 26. Rxc1 Qxc1+ 27. Bf1 Bd6 28. a4 Kf8 29. Qe3 Qa1 30. Ne5 Bc8 31. Qf4 Bxe5 32. Qxe5 Qxa4 33. Qxd5 Be6 1-0

[Event "BRA-ch U18"]
[Site "Volta Redonda"]
[Date "2001.05.05"]
[Round "4.3"]
[White "Steffenello, Leonardo"]
[Black "Souza, Werlles"]
[Result "1-0"]
[WhiteElo "1916"]
[BlackElo "1798"]
[PlyCount "55"]
[EventDate "2001.05.??"]
[EventType "swiss"]
[EventRounds "6"]
[EventCountry "BRA"]
[SourceTitle "EXT 2003"]
[Source "ChessBase"]
[SourceDate "2002.11.25"]
[SourceVersion "1"]
[SourceVersionDate "2002.11.25"]
[SourceQuality "1"]

1. d4 Nf6 2. Nf3 g6 3. c4 d5 4. cxd5 Nxd5 5. e4 Nb6 6. Nc3 Bg7 7. Be3 N8d7 8. Be2 0-0 9. 0-0 c6 10. a4 a5 11. Qb3 Rb8 12. Bf4 Ra8 13. Rfd1 e6 14. Rac1 Nf6 15. Bg5 h6 16. Bf4 Nh5 17. Be3 Nd7 18. e5 g5 19. Nxg5 hxg5 20. Bxh5 Kh8 21. Ne4 Bh6 22. Nd6 Qe7 23. h4 f5 24. Bxg5 Bxg5 25. hxg5 Rg8 26. f4 Rg7 27. Rd3 Rh7 28. Rh3 1-0